CSIR activities, (Record no. 85671)

MARC details
000 -LEADER
fixed length control field 00548cam a2200205 4500
001 - CONTROL NUMBER
control field sa 68014296
003 - CONTROL NUMBER IDENTIFIER
control field DLC
005 - DATE AND TIME OF LATEST TRANSACTION
control field 20260227112630.0
008 - FIXED-LENGTH DATA ELEMENTS--GENERAL INFORMATION
fixed length control field 700206s1963 ii a 00000 eng
010 ## - LIBRARY OF CONGRESS CONTROL NUMBER
LC control number sa 68014296 //r84
025 ## - OVERSEAS ACQUISITION NUMBER
Overseas acquisition number PL480:I-E-8872
050 0# - LIBRARY OF CONGRESS CALL NUMBER
Classification number Q180.I5
Item number A53
110 20 - MAIN ENTRY--CORPORATE NAME
Corporate name or jurisdiction name as entry element Council of Scientific & Industrial Research (India)
245 10 - TITLE STATEMENT
Title CSIR activities,
Remainder of title a survey.
260 1# - PUBLICATION, DISTRIBUTION, ETC.
Place of publication, distribution, etc. [New Delhi,
Date of publication, distribution, etc. 1963]
300 ## - PHYSICAL DESCRIPTION
Extent iv, 52 p.
Other physical details illus.
Dimensions 25 cm.
350 ## - PRICE (NR) (BK AM CF MU VM SE) [OBSOLETE]
Price unpriced
500 ## - GENERAL NOTE
General note Cover title.
650 #0 - SUBJECT ADDED ENTRY--TOPICAL TERM
Topical term or geographic name entry element Research
Geographic subdivision India.

No items available.

Powered by Koha